| 000 | 00499nam a2200169Ia 4500 | ||
|---|---|---|---|
| 999 |
_c19639 _d19639 |
||
| 003 | OSt | ||
| 005 | 20211120113921.0 | ||
| 008 | 190216s9999||||xx |||||||||||||| ||und|| | ||
| 040 | _coclc | ||
| 082 |
_a954 _bRAO/I |
||
| 100 |
_aRao, M Giridhara _98923 |
||
| 245 | 0 |
_aIndian History Vol 2 : _bMedieval India / _cM Giridhara Rao |
|
| 260 |
_bCommercial Literature Co, _c1984. _aGuntur: |
||
| 300 | _a243p | ||
| 650 | _aIndian History | ||
| 942 |
_cBK _2ddc _h954 _iRAO/I _k954 _mRAO/I |
||